Statistiques concernant Quiz photo des monarques

Cliquez ici pour prendre le quiz!

Statistiques générales

  • Ce quiz a été pris 119 fois
  • Le résultat moyen est 10 sur 16

Statistiques - réponses

Réponse% Correct
France
99%
Espagne
95%
Japon
94%
Russie
92%
Arabie Saoudite
87%
Monaco
87%
Royaume-Uni
86%
Vatican
84%
Maroc
81%
Jordan
49%
Bhoutan
36%
Liechtenstein
33%
Qatar
32%
Lesotho
29%
Tonga
20%
Malaisie
11%

Distribution des résultats

Percentile par nombre de réponses

% des personnes avec chaque résultat

Votre développement - résultats

Vous n’avez pas pris ce quiz